Statistics for Leeds United Squad 2018/19

Click here to take the quiz!

General Stats

  • This quiz has been taken 136 times
  • The average score is 17 of 28

Answer Stats

HintAnswer% Correct
ManagerMarcelo Bielsa
90%
CBLiam Cooper
89%
FORPatrick Bamford
86%
CMKalvin Phillips
84%
AMPablo Hernandez
84%
FORKemar Roofe
83%
RBLuke Ayling
83%
CBPontus Jansson
83%
AMEzgjan Alioski
78%
GKBailey Peacock-Farrell
75%
LBBarry Douglas
74%
CMMateusz Klich
73%
AMJack Harrison
72%
CMAdam Forshaw
69%
AMStuart Dallas
69%
RBGaetano Berardi
67%
FORJack Clarke
63%
CMJamie Shackleton
57%
FORTyler Roberts
52%
AMSamuel Saiz
50%
GKWill Huffer
43%
CBAapo Halme
36%
GKJamal Blackman
34%
LBTom Pearce
29%
AMIzzy Brown
28%
CMLewis Baker
25%
FORRyan Edmondson
24%
CBConor Shaughnessy
18%

Score Distribution

Percentile by Number Answered

Percent of People with Each Score

Your Score History

You have not taken this quiz